000 01164nam a2200289 a 4500
001 000028621
005 20240308073619.0
008 110411s2009 dr r 000 0 spa d
020 _a9789945443479
040 _aDO-SdBNP
_bspa
_cBNPHU
082 _aRD863.09
_bS787n
100 1 _aStanley, Avelino,
_d1959-
_91536
245 1 3 _aLa novela dominicana 1980-2009 :
_b[perfil de su desarrollo] /
_cAvelino Stanley.
260 _aSanto Domingo :
_bBanco Central de la República Dominicana,
_c2009.
300 _a384 p. ;
_c23 cm.
490 1 _aColección del Banco Central de la República Dominicana
_v119
490 1 _aArte y literatura
_v51
500 _aIncluye datos biográficos del autor en las solapas
500 _aIncluye índice onomástico
500 _aIncluye referencias bibliográficas y notas al pie de las páginas
504 _aBibliografía : p. 317-363
590 _aInventariado, 2019 / DG
650 4 _aNovela dominicana
_xHistoria y crítica
_y1980-2009
_955581
830 0 _aColección del Banco Central de la República Dominicana
_n119
_955582
830 0 _aArte y literatura
_n51
_955583
910 _aValidado. Control de calidad. MFF
999 _c28113
_d28113